Países que contêm uma letra - V - Statistics

Estatísticas Gerais
  • Esse quiz foi jogado 207 vezes
    206 desde o último reset
  • A pontuação média é 10 de 19
Estatísticas das Respostas
Categoria País % Correto
1 x V Venezuela
96%
1 x V Vaticano
87%
1 x V Vanuatu
84%
1 x V Vietname
83%
1 x V Nova Zelândia
59%
1 x V Tuvalu
58%
1 x V Eslováquia
54%
1 x V Eslovénia
54%
1 x V São Vicente e Granadinas
50%
1 x V Sérvia
48%
1 x V Moldávia
46%
1 x V Papua Nova Guiné
46%
1 x V Bósnia e Herzegovina
44%
1 x V Bolívia
41%
1 x V Cabo Verde
41%
1 x V Kosovo
41%
1 x V Maldivas
40%
2 x V São Cristóvão e Nevis
38%
1 x V El Salvador
32%
Nenhum quiz correspondente encontrado
Distribuição das Pontuações
Porcentagem de Pessoas com Cada Pontuação
Percentil de Números Respondidos
Sua Pontuação Histórica
Você não jogou esse quiz desde o último reset